000 00470nam a2200205Ia 4500
008 210210b2012 xxu||||| |||| 00| 0 eng d
020 _a9788130919652
041 _aeng
082 _a530 KIRP
100 _aKIRKBY (Lowry A)
245 _aPhysics: a student companion
260 _aNew Delhi
_bViva books
_c2012
300 _axix,407
650 _astudent
650 _aPhysics:
650 _acompanion
650 _aa
690 _aPhysics
906 _a066891
999 _c149335
_d149335